| 000 | 00932cab a2200265 4500 | ||
|---|---|---|---|
| 001 | ABS55503 | ||
| 008 | 090401t1996 xxu||||| |||| 00| 0 eng d | ||
| 035 | _a(Sirsi) u17000 | ||
| 041 | _aeng | ||
| 100 | _aCarty, P. | ||
| 245 | _aIt`s a black hole but it`s home | ||
| 260 | _c1996 | ||
| 350 | _a0 | ||
| 490 |
_aAccountancy _v118(1236) August 1996, 40-42(3) |
||
| 520 | _aRelates the problems owners of historic houses are having in maintaining their properties, in light of a report by the Historic Houses Association "The disintegration of a heritage" that finds examples of poor repair and the sale for commercial use of stately homes. | ||
| 650 | _aCOSTS | ||
| 650 | _aFUNDING | ||
| 650 | _aGRANTS | ||
| 650 | _aHISTORIC HOUSES ASSOCIATION | ||
| 650 | _aHISTORIC BUILDINGS | ||
| 650 | _aBUILT ENVIRONMENT-BUILDING MAINTENANCE AND REFURBISHMENT | ||
| 690 | _aCONSERVATION | ||
| 942 | _n0 | ||
| 948 | _c04/03/1997 | ||
| 999 |
_c11261 _d11261 |
||